| 000 | 01288nam a22002657a 4500 | ||
|---|---|---|---|
| 005 | 20090318102023.0 | ||
| 008 | 090212t xxu||||| |||| 00| 0 eng d | ||
| 010 | _aTEL-5044 | ||
| 020 |
_c200.00 _a8182940354 |
||
| 035 | _aTL-4050 | ||
| 037 | _bDBAD / PUB | ||
| 040 |
_adpl _bTelugu |
||
| 082 | _a211.8 | ||
| 100 | _aడాకిన్స్, రిచర్డ్ | ||
| 245 |
_aదేవుడి భ్రమలో / _cరిచర్డ్ డాకిన్స్; తెలుగు అనువాదం నరిశెట్టి ఇన్నయ్య |
||
| 246 |
_aDevudi bramalo _bRichard Dawkins |
||
| 260 |
_aవిజయవాడ _bఅలకనంద ప్రచురణలు _c2008 |
||
| 270 |
_a59-6-15, కంచుకోట వీధి, మేరిస్ స్టెల్లా కాలేజి ఎదురుగా, _bవిజయవాడ _e520 008 |
||
| 300 |
_a323పే. _c23 సె.మీ. |
||
| 650 | _xనాస్తి కత్వము | ||
| 650 | _a Atheism | ||
| 700 | _aఇన్నయ్య, నరిశెట్టి | ||
| 942 |
_2ddc _cTL _h211.8 _m/ DAW |
||
| 999 |
_c25321 _d25321 |
||